| 000 | 00581nam a2200181 4500 | ||
|---|---|---|---|
| 999 |
_c162591 _d162591 |
||
| 005 | 20190316145714.0 | ||
| 010 | _aENG-124892 | ||
| 020 |
_a978938353112691 _c399.00 |
||
| 035 | _aEN-108424 | ||
| 037 | _bDBAD/PUB | ||
| 082 | _a230.1 | ||
| 100 | _aMathew, Thomas | ||
| 245 |
_aA,B,C,D,E of wieght loss/ _cby Thomas Mathew |
||
| 260 |
_aBangaluru _bThomas Methew _c2018 |
||
| 270 |
_a32,5th Cross,8th Main Koramangala 3rd J Block _bBangaluru _e560034 _k9880247582 _mchakkuthom@hotmail.com |
||
| 300 |
_a112p. _c23cm(pbk) _bill. |
||
| 942 |
_2ddc _cEN _h613.25 _mMAT |
||